Voglia Dirti Grazie Il salmo preghiera che non ha eta'

Uloženo v:
Podrobná bibliografie
Hlavní autor: Giorgio Fde Capitani
Médium: Kniha
Jazyk:neznámý jazyk
Vydáno: Velar Editrice
Tagy: Přidat tag
Žádné tagy, Buďte první, kdo vytvoří štítek k tomuto záznamu!

MARC

LEADER 00000nam a2200000Ia 4500
001 R-963
003 CODICE-MESSINA
005 20260212102500.0
008 260211s9999 xx 000 0 und d
040 |c importazione_messina 
100 |a Giorgio Fde Capitani 
245 0 |a Voglia Dirti Grazie 
245 0 |b Il salmo preghiera che non ha eta' 
260 |b Velar Editrice 
942 |2 ddc  |c BK 
952 |0 0  |1 0  |2 ddc  |4 0  |6 SCAFFALE_1_000000000000000__RELIGIONE  |7 0  |9 31791  |a ME  |b ME  |d 2026-02-11  |l 0  |o SCAFFALE 1 - RELIGIONE  |p R-963  |r 2026-02-11 23:52:46  |w 2026-02-11  |x [REVISIONARE]  |y BK 
999 |c 27456  |d 27456